LEADER 01117nam a2200265 u 4500 001 000000114833 003 CaOOAMICUS 005 20090305173013.0 008 090305s1974 it u000 u ita r 040 $aPUL$bita$dLDB 100 1 $aTurvasi, Francesco.$0(OLS)http://pul/name/21959 245 10$aGiovanni Genocchi e la controversia modernista /$cFrancesco Turvasi. 260 $aRoma :$bEdizioni di Storia e Letteratura,$c1974. 300 $a502 p. ;$c25 cm 490 1 $aUomini e dottrine ;$v20 500 $aContiene indici. 504 $aNote bibliografiche a pie' di pagina. 600 14$aGenocchi, Giovanni,$cM.S.C.,$d1860-1926.$0(OLS)http://pul/subject/8671 650 4$aModernismo.$0(OLS)http://pul/subject/4140 830 0$aUomini e dottrine ;$v20.$0(OLS)http://pul/title/8244 850 $aPUL 852 $aPUL$W1$xDP1 Fondo Maccarrone$y58$m1526 B 24$j131434$qFondi$B130412$CPULBib$Z2$F130412 $82 941 1 $a1 996 $6245$aGiovanni Genocchi e la controversia modernista$9(OLS)http://pul/title/144288 996 $6260$aRoma :$bEdizioni di Storia e Letteratura$9(OLS)http://pul/publisher/48123 LEADER 01806nam a2200385 u 4500 001 000000067921 003 CaOOAMICUS 005 20070226121736.0 008 020222s1994 pl u000 u pol u 020 $a8385291679 035 $a10921713 040 $aPUL$bita 100 0 $aIohannes Paulus PP.$bII,$csanto,$d1920-2005.$0(OLS)http://pul/name/1830 245 10$aOsoba i czyn :$boraz inne studia antropologiczne /$cKarol Wojtyla. 260 $aLublin :$b[S.n.],$c1994. 300 $a543 p. ;$c23 cm 490 1 $aCz?owiek i moralno?? ;$viv 490 1 $aWydawnictwo towarzystwa naukowego Katolickiego Uniwersytetu Lubelskiego.$a?ró?a i monografie ;$v142 500 $aContiene indici. 650 4$aFilosofia morale.$0(OLS)http://pul/subject/560 650 0$aPhilosophical anthropology.$2//eng$0(OLS)http://pul/subject/5987 650 0$aPhenomenology.$2//eng$0(OLS)http://pul/subject/7504 830 0$aCz?owiek i moralno?? ;$viv.$0(OLS)http://pul/title/89941 830 0$aWydawnictwo towarzystwa naukowego Katolickiego Uniwersytetu Lubelskiego.$p?ró?a i monografie ;$v142.$0(OLS)http://pul/title/89942 850 $aPUL 852 $aPUL$W1$xSL Filosofia 1$y2$m112(1) F 48$j87915$nBK-PRI$b $qStampati$B87915$CPULBib$Z2$F87915 $H $81 900 $aWojtyla, Karol,$cs.,$d1920-2005$91830 900 $aGiovanni Paolo II,$cpapa, s.,$d1920-2005$91830 910 $aPapi (1978-2005 : Iohannes Paulus PP. II)$91830 910 $aPapi (1978-2005 : Iohannes Paulus PP. II)$91830 941 1 $a8 961 $aINV: 73909 996 $6020$a8385291679$9(OLS)http://pul/number/88025 996 $6245$aOsoba i czyn :$boraz inne studia antropologiczne$9(OLS)http://pul/title/89940 996 $6260$aLublin :$b[S.n.]$9(OLS)http://pul/publisher/71946